000 00900nam a2200277 i 4500
001 bg
100 1 _aCOAD, Peter
245 1 0 _aProjektowanie obiektowe /
_cPeter Coad, Edward Yourdon ; [oprac. wersji pol. Danuta Szczepańska-Wasersztrum i Rafał Sztencel].
246 _iTyt. oryg.:
_aObject-oriented design
260 _aWarszawa :
_bREAD ME,
_c1994.
300 _a186 s. :
_brys., wykr. ;
_c24 cm.
500 _aTyt. oryg. "Object-oriented design" 1991.
504 _aBibliogr. s. 171-177. - Indeks.
650 9 _aProgramowanie obiektowe
655 _aPodręczniki
700 1 _aYOURDON, Edward
700 1 _aSZCZEPAŃSKA-WASERSZTRUM, Danuta.
_eTł.
700 1 _aSZTENCEL, Rafał.
_eRed.
020 _a8385769188
040 _cBPK
041 1 _apl
_hen
080 _a519.68:681.322.06](07)
920 _a83-85769-18-8
942 _cKS
008 s pl f |000 0 pol
999 _c24571
_d24571
856 _uhttp://koha.tu.koszalin.pl/cgi-bin/koha/opac-detail.pl?biblionumber=24571
_yKatalog online BPK